Common Diseases - Gastroenterology - Statistics

General Stats
  • This quiz has been taken 42 times
  • The average score is 6 of 45
Answer Stats
Hint Answer % Correct
Small Bowel and Colon Crohn's Disease
79%
Colon Ulcerative Colitis
70%
Esophagus Gastro-esophageal Reflux Disease
48%
Liver (Hepatitis) Hepatitis B
45%
Colon Irritable Bowel Syndrome (malabsorption)
45%
Stomach and Duodenum Gastritis
39%
Liver (Hepatitis) Hepatitis C
39%
Small Bowel (Malabsorption) Celiac Disease
33%
Esophagus Barrett's Esophagus
30%
Common Symtoms Constipation
27%
Esophagus Esophagitis
24%
Pancreas Acute Pancreatitis
21%
Pancreas Chronic Pancreatitis (malabsorption)
21%
Esophagus (Dysphagia) Achalasia
18%
Liver (Cirrhosis) Alcoholic Cirrhosis
15%
Colon Diverticulitis
15%
Common Symtoms Diarrhoea
12%
Esophagus (Dysphagia) Esophageal Cancer
12%
Esophagus Mallory Weiss Tear
9%
Common Symtoms Ascites
6%
Liver (Hepatitis) Non-Alcoholic Steatohepatitis (NASH)
6%
Stomach and Duodenum Zollinger–Ellison syndrome
6%
Liver (Hepatitis) Autoimmune Hepatitis
3%
Colon Diverticulosis
3%
Miscellaneous Dumping Syndrome
3%
Liver (Cirrhosis) Primary Biliary Cirrhosis (PBC)
3%
Esophagus (Dysphagia) Scleroderma (Progressive Sytemic Sclerosis)
3%
Small Bowel (Malabsorption) Tropical Sprue
3%
Stomach and Duodenum Ulcer Disease
3%
Esophagus (Dysphagia) Zenker's Diverticulum
3%
Gastro-vascular Acute Mesenteric Ischemia
0%
Miscellaneous Diabetic Gastroparesis
0%
Colon (Cancer) Dysplastic Polyp
0%
Colon (Cancer) Familial Adenomatous Polyposis
0%
Colon (Cancer) Gardner syndrome
0%
Gastro-vascular Gastrointestinal Bleeding
0%
Colon (Cancer) Juvenile Polyposis
0%
Pancreas Necrotic Pancreatitis
0%
Stomach and Duodenum Non-Ulcer Dyspepsia
0%
Colon (Cancer) Peutz–Jeghers Syndrome
0%
Liver (Cirrhosis) Primary Sclerosing Cholangitis (PSC)
0%
Esophagus (Dysphagia) Rings and Webs
0%
Esophagus (Dysphagia) Spastic Disorders
0%
Small Bowel (Malabsorption) Whipple Disease
0%
Liver (Cirrhosis) Wilson's Disease
0%
No matching quizzes found
Score Distribution
Percent of People with Each Score
Percentile by Number Answered
Your Score History
You have not taken this quiz